000 00680nam a22002057a 4500
999 _c16752
_d16752
003 AR-CdUCM
008 190506b ||||| |||| 00| 0 spa d
040 _aMUNICIPALIDAD PROVINCIAL DEL CUSCO
_cBIBLIOTECA MUNICIPAL DEL CUSCO
082 _22ed.
_a803 /
_bSA16
100 _aSainz de Robles, Federico Carlos
_912190
245 _aEnsayo de un Diccionario de la Literatura /
260 _aMadrid :
_bEdiciones Aguilar.
_c1954.
300 _a1261 páginas ;
_c25 cm.
505 _aContenido: t.1: Términos, conceptos, ismos literarios.
650 _aDiccionario
_95196
650 _aLiteratura
_983
650 _aSiglo XX
_98
942 _2ddc
_cLIBROS
945 _aachl
_d2019-05-06